00473 a2200157 4500010001400000020002300014035001300037037001500050037005300065082000600118100001800124245004400142260004100186270006600227300002200293 aENG-86474 a0143099647c275.00 aEN-70007 bDBAD / PUB bAllied/DE2010/CR/2777/16.3.11/280/4.3.11/30.3.1114aN1 aKakar, Sudhir1 aMira and the mahatma /cby Sudhir Kakar aNew DelhibPenguin Books Indiac2006 a11, Community Centre, Panchsheel ParkbNew DelhicWest Bengal a267p.c19cm (Pbk)